Normal view
MARC view
- Supervisor Dr. Javaid Iqbal
Entry Personal Name
001 - CONTROL NUMBER
- control field: 69684
003 - CONTROL NUMBER IDENTIFIER
- control field: NUST
005 - DATE AND TIME OF LATEST TRANSACTION
- control field: 20210628204258.0
008 - FIXED-LENGTH DATA ELEMENTS
- fixed length control field: 210628|| aca||aabn | a|a d
040 ## - CATALOGING SOURCE
- Original cataloging agency: NUST
- Transcribing agency: NUST
100 ## - HEADING--PERSONAL NAME
- Personal name: Supervisor Dr. Javaid Iqbal
670 ## - SOURCE DATA FOUND
- Source citation: Work cat.: (NUST): Fahad Mahmood 69682, TH-SOF-1507-Optimizing Focus measure approach and Enhancement of Image Focus Volume in 3-D Shape Recovery based on Shape from Focus architecture , 2018
